Rost i legirovanije poluprovodnikovych kristallov i plenok : Tom 1

Guardado en:
Detalles Bibliográficos
Formato: Libro
Lenguaje:ruso
Publicado: Novosibirsk : Nauka, 1977
Etiquetas: Agregar Etiqueta
Sin Etiquetas, Sea el primero en etiquetar este registro!

MARC

LEADER 00000nam a22000003a 4500
001 stu219280
005 20141122064959.4
008 101213s1988----xxr-----------------rus-d
040 |a STU  |b slo 
041 0 |a rus 
044 |a xxr 
080 |a 539.23 
080 |a 548.55 
245 |a Rost i legirovanije poluprovodnikovych kristallov i plenok :  |b Tom 1 
260 |a Novosibirsk :  |b Nauka,  |c 1977 
300 |a 327 s 
996 |b E40880  |c E*40880  |l EE10  |s P  |a 0  |w stu219280_0001